Statistics for Obscure General Knowledge

Click here to take the quiz!

General Stats

  • This quiz has been taken 115 times
  • The average score is 6 of 23

Answer Stats

HintAnswer% Correct
Where is Oktoberfest held?Munich
83%
Who is Winnie the Pooh's best friend?Rabbit
65%
Who played Spock on Star Trek's original series?Leonard Nimoy
50%
What is a penny farthing?Bicycle
48%
What is the capital of Yemen?Sana'a
48%
What popular television show pulled an episode after 685 Japanese children had seizures while watching it?Pokemon
30%
How many people died in the Salem Witch Trials?19
28%
Who was the 25th president of the United States?McKinley
28%
What British Socialist wrote "Down and Out in Paris and London"George Orwell
26%
Who wrote "Leaves of Grass"?Walt Whitman
26%
Gas used in concentration camps in Nazi GermanyZyklon B
20%
What was F Scott Fitzgerald's wife's name?Zelda
16%
What is Hermoine Granger's middle name?Jean
15%
Who is the largest donor to the Bill and Melinda Gates Foundation, besides the Gates family?Warren Buffet
15%
What was the name of the 2014 campaign to encourage a "No" vote on Scottish Independence?Better Together
13%
What US city has the 2nd most land within its limits?Juneau
13%
Where is the Kentucky Derby held?Churchill Downs
9%
Which State has the third highest union density in the United States?Hawaii
9%
What British author wrote "A Room of One's Own"?Virginia Woolfe
7%
Where does the Vice President of the United States live?One Observatory Circle
3%
Who was the most prominent woman in the Soviet administration, best known for founding the Zhenotdel or "Women's Department" in 1919?Alexandra Kollontai
2%
What album did Andrew Jackson Jihad release in 2014?Christmas Island
2%
Who said "If I can't dance, it's not my revolution"?Emma Goldman
2%

Score Distribution

Percentile by Number Answered

Percent of People with Each Score

Your Score History

You have not taken this quiz